Name the AP Tests Offered by the College Board - Statistics

General Stats
  • This quiz has been taken 87 times
  • The average score is 22 of 35
Answer Stats
Subject Answer % Correct
Science Biology
90%
Science Chemistry
90%
Social Studies/History US History
89%
English English Literature and Composition
86%
World Language French Language and Culture
86%
Social Studies/History World History
84%
World Language Chinese Language and Culture
82%
Mathematics Calculus AB
78%
Mathematics Calculus BC
78%
Technology Computer Science A
77%
English English Language and Composition
75%
Mathematics Statistics
73%
Social Studies/History Government and Politics (US)
71%
Science Physics 1: Algebra-Based
70%
World Language German Language and Culture
67%
Music Music Theory
67%
World Language Japanese Language and Culture
66%
Science Physics 2: Algebra-Based
66%
Social Studies/History European History
64%
Science Psychology
63%
World Language Italian Language and Culture
60%
World Language Latin
59%
World Language Spanish Language and Composition
58%
Science Environmental Science
55%
Social Studies/History Art History
53%
Social Studies/History Macroeconomics
49%
Social Studies/History Microeconomics
48%
World Language Spanish Literature and Composition
45%
Social Studies/History Human Geography
42%
Technology Computer Science Principles
41%
Art Studio Art Drawing
33%
Science Physics C: Mechanics
27%
Art Studio Art 2-D Design
27%
Art Studio Art 3-D Design
27%
Science Physics C: Electricity and Magnetism
22%
No matching quizzes found
Score Distribution
Percent of People with Each Score
Percentile by Number Answered
Your Score History
You have not taken this quiz